| 000 | 01041nam a2200217Ia 4500 | ||
|---|---|---|---|
| 008 | 220216s9999 xx 000 0 und d | ||
| 100 | _aJayasinghe C K | ||
| 245 | 0 | _aColletotrichum acutatum is the main cause of Colletotrichum leaf disease of rubber in Sri Lanka | |
| 260 |
_bMycopathologia _c1997 |
||
| 300 | _a53-56 | ||
| 500 | _aSource Year: 1998 | ||
| 520 | _aSince 1905, C.gloeosporioides [Glomerella cingulata] has been described as the casual agent of Colletotrichum leaf disease of Hevea brasiliensis in Sri Lanka and other parts of the world. Of 52 isolates from diseased H. brasiliensis leaves in Sri Lanka, 18 were identified as G. cingulata. The remaining 34 isolates were identified as G. acutatum, and it is suggested that C. acutatum is the main cause of Colletotrichum leaf disease in Sri Lanka. | ||
| 650 | _aColletotrichum acutatum | ||
| 650 | _aHevea brasiliensis | ||
| 650 | _aLeaf disease | ||
| 650 | _aSri Lanka | ||
| 700 | _aFernando T H P S | ||
| 700 | _aPriyanka U M S | ||
| 856 | _uRPP | ||
| 942 | _cJS | ||
| 999 |
_c55847 _d55847 |
||